000 00706nam a2200241 a 4500
008
020 _a0134450566 (pbk.)
049 _aMAIN
090 _aQA76.9.S88
_bBAI
100 1 _aBailey, Robert W.
245 1 0 _aHuman error in computer systems /
_cRobert W. Bailey.
260 _aEnglewood Cliffs, N.J. :
_bPrentice-Hall,
_cc1983.
300 _axii, 146 p. ;
_c23 cm.
504 _aIncludes bibliographical references.
500 _aIncludes index.
650 0 _aSystem design.
650 0 _aHuman engineering.
907 _a.b10040870
_b02-05-12
_c17-04-03
003
005 20230123133208.0
040 _cNUST
942 _cBOOKS
_kQA76.9.S88
_mBAI
999 _c144377
_d144377